000 00949nam a2200313 a 4500
003 AR-BaBNM
005 20251128203851.0
008 082120s2002 ||||||||||||||000 | spa||
040 _cAR-BaBNM
100 1 _aBrotto, Mariano Pedro
245 0 0 _aGuía del docente
_baspectos pedagógicos de la enseñanza, administración escolar
260 _aBuenos Aires
_bLerú
_c1964
300 _a494 p.
500 _aApéndice p. 405-492
504 _aContiene bibliografía p. 493-494
650 4 _aROL DEL DOCENTE
650 4 _aFORMACION DE DOCENTES
650 4 _aORGANIZACION DEL CURSO
650 4 _aPROGRAMACION PEDAGOGICA
650 4 _aORGANIZACION ADMINISTRATIVA
650 4 _aFINALIDADES DE LA EDUCACION
650 4 _aEXPERIENCIA DEL DOCENTE
650 4 _aPRACTICA DOCENTE
650 4 _aMETODOS DE ENSEÑANZA
653 _aLEGISLACION EDUCATIVA
700 1 _aGuasch Leguizamón, J.
_eprologuista
942 _cBK
998 _cSILVI
999 _c5245
_d5245